Prajnasathyavathi/ (Record no. 35471)

000 -LEADER
fixed length control field 00338nam a22001331a 4500
082 ## - DEWEY DECIMAL CLASSIFICATION NUMBER
Classification number S 294.5
Item number BHA/P
100 ## - MAIN ENTRY--AUTHOR NAME
Personal name Bhavadev Mishra
245 ## - TITLE STATEMENT
Title Prajnasathyavathi/
Statement of responsibility, etc by Bhavadev Mishra
260 ## - PUBLICATION, DISTRIBUTION, ETC. (IMPRINT)
Place of publication Jaipur:
Name of publisher Rajasthan Vaidik Thanthrik Sodh Samsthan,
Year of publication 2004.
300 ## - PHYSICAL DESCRIPTION
Number of Pages 105p.
650 ## - SUBJECT ADDED ENTRY--TOPICAL TERM
Topical Term Hinduism
650 ## - SUBJECT ADDED ENTRY--TOPICAL TERM
Topical Term Religion
942 ## - ADDED ENTRY ELEMENTS (KOHA)
Koha item type Book
Holdings
Withdrawn status Lost status Damaged status Not for loan Permanent Location Current Location Date acquired Cost, normal purchase price Full call number Accession Number Cost, replacement price Price effective from Koha item type
        Sree Sankaracharya University of Sanskrit Sree Sankaracharya University of Sanskrit 08.01.2015 56.00 S 294.5 BHA/P 035356 0.00 08.01.2015 Book